000 00441nam a2200157Ia 4500
008 160316s1979 xxu||||| |||| 00| 0 eng d
082 _a341.481000
_bLIL
100 _aLillich Richard B
245 _aInternational human rights : Problems of law and policy
250 _a
260 _aBoston
_bLittle,Brown & Co.
_c1979
300 _a1030
_b
_cxvi
365 _b
650 _a1.International Law - Human Rights
700 _aNewman Frank C
_a
999 _c9678
_d9678